Statistics for Kommuner i Norge (2019)

Click here to take the quiz!

General Stats

  • This quiz has been taken 901 times
  • The average score is 107 of 422

Answer Stats

FylkeKommune% Correct
Hedmark | HordalandOs
96%
OsloOslo
93%
TromsBerg
86%
Rogaland
85%
BuskerudÅl
84%
HordalandBergen
83%
Nordland | Telemark
79%
Vest-AgderKristiansand
79%
AkershusÅs
78%
TrøndelagTrondheim
78%
RogalandStavanger
77%
TromsTromsø
76%
Møre og RomsdalÅlesund
69%
BuskerudDrammen
69%
OpplandLillehammer
68%
HedmarkHamar
66%
AkershusSki
66%
NordlandBodø
65%
ØstfoldFredrikstad
65%
Møre og RomsdalKristiansund
65%
Aust-AgderArendal
62%
Møre og Romsdal | VestfoldSande
62%
AkershusBærum
61%
Møre og RomsdalMolde
61%
FinnmarkAlta
60%
ØstfoldMoss
59%
AkershusAsker
58%
RogalandHaugesund
58%
Akershus | BuskerudNes
58%
ØstfoldSarpsborg
58%
TelemarkSkien
58%
ØstfoldHalden
57%
VestfoldLarvik
57%
RogalandSandnes
57%
VestfoldTønsberg
56%
VestfoldSandefjord
55%
Sogn og FjordaneEid
53%
BuskerudKongsberg
53%
TelemarkPorsgrunn
53%
FinnmarkKautokeino
52%
HedmarkKongsvinger
52%
OpplandGjøvik
51%
FinnmarkHammerfest
51%
BuskerudHol
50%
Vest-AgderMandal
50%
BuskerudGol
49%
Aust-AgderGrimstad
49%
NordlandNarvik
49%
VestfoldRe
49%
HedmarkElverum
48%
FinnmarkKarasjok
48%
TrøndelagRøros
48%
FinnmarkVardø
48%
TromsHarstad
46%
FinnmarkVadsø
46%
HordalandVoss
46%
Sogn og FjordaneFørde
45%
Sogn og FjordaneVik
45%
Sogn og FjordaneSogndal
44%
AkershusEidsvoll
43%
RogalandSola
43%
TrøndelagSteinkjer
42%
ØstfoldAskim
41%
OpplandSel
41%
Vest-AgderFlekkefjord
40%
TrøndelagNamsos
40%
Aust-AgderRisør
40%
BuskerudLier
39%
OpplandLom
39%
HedmarkTrysil
39%
Aust-AgderLillesand
38%
AkershusLørenskog
38%
AkershusNesodden
38%
FinnmarkTana
38%
VestfoldHorten
37%
TrøndelagStjørdal
37%
BuskerudFlå
36%
RogalandKarmøy
36%
TrøndelagOppdal
36%
BuskerudHemsedal
35%
TelemarkKragerø
35%
TelemarkNotodden
35%
HordalandOdda
35%
NordlandRana
35%
HordalandStord
35%
AkershusUllensaker
35%
HordalandAskøy
34%
OpplandDovre
34%
AkershusNittedal
34%
HedmarkTynset
34%
OpplandGran
33%
TrøndelagLevanger
33%
FinnmarkNordkapp
33%
NordlandBrønnøy
32%
FinnmarkSør-Varanger
32%
Aust-AgderTvedestrand
32%
HordalandSund
31%
Hedmark | ØstfoldVåler
31%
TrøndelagVerdal
31%
NordlandFauske
30%
VestfoldHolmestrand
30%
BuskerudHurum
30%
Møre og RomsdalØrsta
30%
OpplandØstre Toten
30%
AkershusRælingen
30%
BuskerudRingerike
30%
AkershusSørum
30%
HedmarkStange
30%
RogalandStrand
30%
TelemarkVinje
30%
Møre og RomsdalVolda
30%
TrøndelagHitra
29%
AkershusHurdal
29%
ØstfoldHvaler
29%
FinnmarkPorsanger
29%
OpplandVestre Toten
29%
TelemarkBamble
28%
TromsBardu
28%
AkershusSkedsmo
28%
Møre og RomsdalSunndal
28%
AkershusVestby
28%
HedmarkAlvdal
27%
RogalandEigersund
27%
HedmarkLøten
27%
TrøndelagMelhus
27%
AkershusEnebakk
26%
HedmarkGrue
26%
AkershusNannestad
26%
HedmarkRingsaker
26%
Møre og RomsdalUlstein
26%
NordlandAndøy
25%
TelemarkDrangedal
25%
HordalandFjell
25%
AkershusFrogn
25%
AkershusGjerdrum
25%
OpplandJevnaker
25%
Vest-AgderLyngdal
25%
AkershusOppegård
25%
ØstfoldRåde
25%
NordlandRøst
25%
NordlandSortland
25%
Vest-AgderVennesla
25%
OpplandVestre Slidre
25%
AkershusAurskog-Høland
24%
FinnmarkBåtsfjord
24%
HordalandEtne
24%
Aust-AgderEvje og Hornnes
24%
AkershusFet
24%
BuskerudHole
24%
BuskerudNedre Eiker
24%
BuskerudØvre Eiker
24%
RogalandSauda
24%
Vest-AgderSøgne
24%
Sogn og FjordaneStryn
24%
TelemarkTinn
24%
OpplandVågå
24%
Sogn og FjordaneÅrdal
23%
HordalandBømlo
23%
Vest-AgderFarsund
23%
RogalandKlepp
23%
HedmarkNord-Odal
23%
OpplandØystre Slidre
23%
ØstfoldRakkestad
23%
OpplandRingebu
23%
BuskerudRøyken
23%
ØstfoldRygge
23%
HedmarkSør-Odal
23%
NordlandVega
23%
TrøndelagFrøya
22%
OpplandLesja
22%
OpplandNord-Fron
22%
HedmarkRendalen
22%
OpplandSør-Fron
22%
RogalandTime
22%
TromsTorsken
22%
RogalandUtsira
22%
HedmarkÅmot
21%
NordlandBallangen
21%
HedmarkEidskog
21%
Sogn og FjordaneFlora
21%
FinnmarkLoppa
21%
TrøndelagOrkdal
21%
Møre og RomsdalRauma
21%
OpplandSkjåk
21%
Møre og RomsdalStranda
21%
VestfoldSvelvik
21%
OpplandVang
21%
FinnmarkBerlevåg
20%
Aust-AgderBykle
20%
NordlandEvenes
20%
HordalandFitjar
20%
OpplandGausdal
20%
HordalandKvinnherad
20%
OpplandLunner
20%
TrøndelagMeråker
20%
RogalandRandaberg
20%
Møre og RomsdalSmøla
20%
ØstfoldSpydeberg
20%
Møre og RomsdalSurnadal
20%
Aust-AgderValle
20%
ØstfoldAremark
19%
Møre og RomsdalAverøy
19%
Sogn og FjordaneGloppen
19%
TrøndelagGrong
19%
Møre og RomsdalHaram
19%
HordalandKvam
19%
RogalandLund
19%
TrøndelagMalvik
19%
BuskerudModum
19%
OpplandØyer
19%
TelemarkSeljord
19%
BuskerudSigdal
19%
Vest-AgderSirdal
19%
RogalandSokndal
19%
OpplandSøndre Land
19%
HedmarkStor-Elvdal
19%
Sogn og FjordaneAurland
18%
HedmarkFolldal
18%
RogalandGjesdal
18%
Sogn og FjordaneLærdal
18%
OpplandNordre Land
18%
TrøndelagSelbu
18%
TrøndelagSnåsa
18%
HedmarkTolga
18%
ØstfoldTrøgstad
18%
NordlandVefsn
18%
HordalandAustevoll
17%
HedmarkEngerdal
17%
Møre og RomsdalHareid
17%
BuskerudKrødsherad
17%
RogalandKvitsøy
17%
TelemarkNissedal
17%
TrøndelagRennebu
17%
NordlandAlstahaug
16%
HedmarkÅsnes
16%
Møre og RomsdalAure
16%
Aust-AgderBirkenes
16%
TrøndelagBjugn
16%
Sogn og FjordaneBremanger
16%
Møre og RomsdalEide
16%
VestfoldFærder
16%
Aust-AgderFroland
16%
TrøndelagFrosta
16%
TelemarkFyresdal
16%
TrøndelagHemne
16%
Møre og Romsdal | NordlandHerøy
16%
Sogn og FjordaneHøyanger
16%
TrøndelagKlæbu
16%
Vest-AgderKvinesdal
16%
Sogn og FjordaneLuster
16%
FinnmarkNesseby
16%
OpplandNord-Aurdal
16%
HordalandØygarden
16%
RogalandRennesøy
16%
TromsSalangen
16%
NordlandSaltdal
16%
TelemarkSiljan
16%
OpplandSør-Aurdal
16%
RogalandSuldal
16%
Møre og RomsdalSykkylven
16%
Møre og RomsdalTingvoll
16%
TelemarkTokke
16%
RogalandTysvær
16%
Møre og RomsdalVestnes
16%
Aust-AgderÅmli
15%
Sogn og FjordaneBalestrand
15%
RogalandBokn
15%
Aust-AgderBygland
15%
NordlandDønna
15%
HordalandFedje
15%
Møre og RomsdalGiske
15%
NordlandGrane
15%
HordalandJondal
15%
TromsKåfjord
15%
TelemarkKviteseid
15%
FinnmarkLebesby
15%
NordlandMeløy
15%
TrøndelagNamsskogan
15%
TelemarkNome
15%
TromsNordreisa
15%
TrøndelagØrland
15%
Sogn og FjordaneSelje
15%
HordalandSveio
15%
NordlandTræna
15%
HordalandTysnes
15%
HordalandUllensvang
15%
NordlandVærøy
15%
NordlandVestvågøy
15%
NordlandBeiarn
14%
NordlandBindal
14%
RogalandBjerkreim
14%
BuskerudFlesberg
14%
Sogn og FjordaneGulen
14%
NordlandHamarøy
14%
NordlandHattfjelldal
14%
TrøndelagInderøy
14%
TromsKvæfjord
14%
Sogn og FjordaneLeikanger
14%
NordlandMoskenes
14%
HordalandOsterøy
14%
ØstfoldRømskog
14%
TrøndelagRøyrvik
14%
TrøndelagTydal
14%
HordalandUlvik
14%
HordalandVaksdal
14%
RogalandVindafjord
14%
Møre og RomsdalAukra
13%
RogalandFinnøy
13%
Møre og RomsdalFræna
13%
HordalandGranvin
13%
TromsGratangen
13%
NordlandHemnes
13%
TelemarkHjartdal
13%
Sogn og FjordaneHornindal
13%
Sogn og FjordaneJølster
13%
TrøndelagLierne
13%
NordlandLurøy
13%
ØstfoldMarker
13%
TrøndelagMidtre Gauldal
13%
HordalandModalen
13%
Møre og RomsdalNesset
13%
Møre og RomsdalNorddal
13%
Møre og RomsdalØrskog
13%
BuskerudRollag
13%
TelemarkSauherad
13%
ØstfoldSkiptvet
13%
Møre og RomsdalSkodje
13%
TromsSørreisa
13%
NordlandSteigen
13%
Møre og RomsdalSula
13%
NordlandTysfjord
13%
Aust-AgderVegårshei
13%
Sogn og FjordaneAskvoll
12%
TromsBalsfjord
12%
OpplandEtnedal
12%
Sogn og FjordaneFjaler
12%
FinnmarkGamvik
12%
Vest-AgderHægebostad
12%
RogalandHjelmeland
12%
TrøndelagHøylandet
12%
Aust-AgderIveland
12%
TromsLenvik
12%
TromsLyngen
12%
TrøndelagMeldal
12%
Sogn og FjordaneNaustdal
12%
NordlandØksnes
12%
TrøndelagSnillfjord
12%
Møre og RomsdalStordal
12%
NordlandVågan
12%
Møre og RomsdalVanylven
12%
TrøndelagÅfjord
11%
Vest-AgderÅseral
11%
ØstfoldEidsberg
11%
NordlandGildeskål
11%
Møre og RomsdalHalsa
11%
FinnmarkHasvik
11%
ØstfoldHobøl
11%
TrøndelagIndre Fosen
11%
NordlandLødingen
11%
TromsMålselv
11%
HordalandMeland
11%
TrøndelagOsen
11%
NordlandRodøy
11%
TromsSkjervøy
11%
NordlandSørfold
11%
TrøndelagAgdenes
10%
HordalandAustrheim
10%
RogalandForsand
10%
HordalandFusa
10%
Møre og RomsdalGjemnes
10%
TromsLavangen
10%
TrøndelagLeka
10%
Vest-AgderMarnardal
10%
FinnmarkMåsøy
10%
TrøndelagNamdalseid
10%
Møre og RomsdalRindal
10%
TrøndelagRoan
10%
TrøndelagSkaun
10%
Sogn og FjordaneVågsøy
10%
TrøndelagVerran
10%
Vest-AgderAudnedal
9%
TrøndelagFlatanger
9%
Sogn og FjordaneGaular
9%
NordlandHadsel
9%
TrøndelagHoltålen
9%
TromsIbestad
9%
TromsKarlsøy
9%
FinnmarkKvalsund
9%
NordlandLeirfjord
9%
HordalandLindås
9%
HordalandMasfjorden
9%
Møre og RomsdalMidsund
9%
TrøndelagNærøy
9%
TrøndelagOverhalla
9%
NordlandTjeldsund
9%
NordlandVevelstad
9%
TrøndelagVikna
9%
NordlandFlakstad
8%
Sogn og FjordaneHyllestad
8%
HordalandRadøy
8%
Sogn og FjordaneSolund
8%
Vest-AgderSongdalen
8%
TromsStorfjord
8%
TromsDyrøy
7%
HordalandEidfjord
7%
Møre og RomsdalSandøy
7%
NordlandSømna
7%
TromsTranøy
6%
TrøndelagFosnes
5%
TromsSkånland
5%
Aust-AgderGjerstad
4%
Vest-AgderLindesnes
4%
BuskerudNore og Uvdal
4%
TromsKvænangen
3%
HordalandSamnanger
1%
NordlandNesna
0%

Score Distribution

Percentile by Number Answered

Percent of People with Each Score

Your Score History

You have not taken this quiz